| 000 | 00363nam a2200145Ia 4500 | ||
|---|---|---|---|
| 008 | 220120s9999||||xx |||||||||||||| ||und|| | ||
| 020 | _a97800700153899 | ||
| 082 | _a511.5 DSC | ||
| 100 | _aD.S.C | ||
| 245 | 0 | _aGraph Theory and Combinatorics | |
| 250 | _a4th | ||
| 260 |
_aPrism book house _bNew Delhi _c2012 |
||
| 300 |
_axvii;780 _b525 |
||
| 650 | _aMECHANICAL | ||
| 999 |
_c132655 _d132655 |
||